Riconosci il Pokémon - Quiz n°604 - Statistics

Statistiche generali
  • Questo quiz è stato fatto 0 volte
  • Il punteggio medio è 0 su 10
Statistiche sulle risposte
Indizio Riposta % Corretto
Altezza 1,6 m
0%
Tasso di cattura 45 (11.9%)
0%
Sesso 50% ♂, 50% ♀
0%
Peso 70 kg
0%
Abilità Agonismo; Forza Interiore; Pressione
0%
Pokémon Bisharp
0%
Tipo Buio / Acciaio
0%
Tasso di allevamento Medio-Veloce
0%
Stadio evoluzione Prima evoluzione
0%
Generazione Quinta
0%
Nessun quiz corrispondente trovato
Distribuzione punteggi
Percentuale di utenti per punteggio
Percentile per numero di risposta
I tuoi punteggi nel tempo
Non hai fatto questo quiz